All Countries Competing in Eurovision 2026 - Statistics

General Stats
  • This quiz has been taken 63 times
  • The average score is 33 of 35
Answers on the Map
Answers color-coded by a green-red scale on the quiz's map according to % correct below.
 
Answer Stats
Answer % Correct
United Kingdom
100%
Denmark
98%
Estonia
98%
France
98%
Germany
98%
Greece
98%
Italy
98%
Norway
98%
Portugal
98%
Sweden
98%
Ukraine
98%
Albania
96%
Austria
96%
Croatia
96%
Finland
96%
Israel
96%
Latvia
96%
Romania
96%
Serbia
96%
Bulgaria
94%
Moldova
94%
Montenegro
94%
Poland
94%
Belgium
92%
Czechia
92%
Georgia
92%
Lithuania
92%
Switzerland
92%
Australia
90%
Azerbaijan
90%
Luxembourg
90%
Malta
90%
Armenia
88%
Cyprus
88%
San Marino
86%
No matching quizzes found
Score Distribution
Percent of People with Each Score
Percentile by Number Answered
Your Score History
You have not taken this quiz